Departamentos de Tierra del Fuego - Estadísticas

Estadísticas generales
  • Esta prueba ha sido intentada 51 veces
  • La puntuación promedio es 4 de 5
Estadísticas de respuestas
Hint Respuesta % Correcto
5. Ushuaia
97%
3. Río Grande
81%
1. Antártida Argentina
68%
4. Tolhuin
61%
2. Islas del Atlántico Sur
52%
No se encontraron pruebas coincidentes
Distribución de puntuación
Porcentaje de gente con cada puntuación
Porcentaje por número respondido
Historial de tus puntuaciones
No has intentado esta prueba.